000 00548nam a2200205Ia 4500
003 OSt
005 20220926045005.0
006 a|||||r|||| 00| 0
007 ta
008 220923b |||||||| |||| 00| 0 eng d
037 _cGeneral Book
040 _aRTL
_cRTL
_beng
041 _2eng
_aeng
082 _aX415.2.N6
110 _aIndia,Railway (Board-)
_9349677
245 0 _aSupplement to the history of Indian Railways
700 _aIndia,Railway (Board-)
_9349678
942 _hX415.2.N6
_cGB
_2CC
999 _c676382
_d676382